000 01783nam0a2200349 4500
001 RU\NLR\bibl\2033534
005 20260407133728.0
010 _a978-5-396-00474-0
021 _aRU
_b2013-31366
_92158
035 _a(NLR Aleph) 002021170
090 _a4505260
_c4505260
100 _a20130516d2013 |||y0rusy50 ca
101 0 _arus
102 _aRU
105 _ay |||||||||
200 1 _aИстория Балкан
_iСудьбоносное двадцатилетие (1856-1878 гг.)
_f[В.Н. Виноградов, И.Ф. Макарова, Г.Л. Арш и др.]
_gотв. ред. д.ист.н. В.Н. Виноградов
_gУчреждение Рос. акад. наук Ин-т славяноведения РАН
210 _aМосква
_cURSS
_cКРАСАНД
_d2013
215 _a331 с.
_d25
300 _aАвт. указаны в оглавлении
320 _aБиблиогр. в подстроч. примеч.
607 _aБалканские страны
_jСборники
_xИстория
_z19 в.
_92110812
_3RU\NLR\auth\661579193
686 _aТ3(476)5я43
701 1 _4070
_8rus
_7ca
_aВиноградов
_bВ. Н.
_cд-р ист. наук
_f1925-
_gВладлен Николаевич
_3RU\NLR\auth\776663
_9116612
701 1 _4070
_8rus
_7ca
_aМакарова
_bИ.Ф.
_cканд. ист. наук
_gИрина Феликсовна
_3RU\NLR\auth\7731346
_914356
701 1 _4070
_7ca
_8rus
_aАрш
_bГ. Л.
_f1925-2017
_gГригорий Львович
_3RU\NLR\AUTH\770281151
_92653118
712 0 2 _4570
_aИнститут славяноведения
_cМосква
_3RU\NLR\AUTH\889998985
_9495381
801 0 _aRU
_bNLR
_c20130516
_gRCR
801 1 _aRU
_bNLR
_c20130516
830 _aавт. по базе
942 _cBOOK
980 _aNB